Huellas del peregrino (notice nᵒ 7720)
[ vue normale ]
| 000 -Sello discográfico | |
|---|---|
| campo de control de longitud fija | 01280nam a2200349 4500 |
| 005 - Identificación de versión | |
| campo de control | 20251017062839.0 |
| 010 ## - Número Estándar Internacional de Libros (ISBN) | |
| Número (ISBN) | 978-607-16-0195-7 (rústica) |
| 010 ## - Número Estándar Internacional de Libros (ISBN) | |
| Número (ISBN) | 978-607-16-0215-2 (empastada) |
| 099 ## - fechas locales | |
| Tipo de ítem Koha | LIBRO |
| 100 ## - Datos de procesamiento general | |
| Datos de procesamiento general | 20241021d2010 m y1spay5003 ba |
| 105 ## - Campo de datos codificados: Material textual, monográfico | |
| Datos codificados de monografía | y 001zy |
| 200 1# - Título y mención de responsabilidad | |
| Título propio | Huellas del peregrino |
| Designación general del material | texto impreso |
| Otra información del título | Vistas del México independiente y revolucionario |
| Primer mención de responsabilidad | Octavio Paz |
| Declaración de responsabilidad subsiguiente | edición y selección Adolfo Castañón |
| -- | prólogo Jean Meyer |
| 205 ## - Declaración de edición | |
| Declaración de edición | 1a ed |
| 210 ## - Publicación, distribución, etc. | |
| Lugar de publicación, distribución, etc. | México |
| Nombre del editor, distribuidor, etc. | Fondo de Cultura Económica |
| Fecha de publicación, distribución, etc. | 2010 |
| 215 ## - Descripción física | |
| Designación de material específico y extensión del ítem | 352 p |
| Dimensiones | 23 cm |
| 300 ## - Notas generales | |
| Texto de la nota | Incluye bibliografías e índice onomástico |
| 345 ## - Nota de información de adquisición | |
| Fuente de adquisición/dirección de la suscripción [OBSOLETO] | Donación |
| 410 #1 - Series | |
| Título | Sección de Obras de Historia |
| 607 ## - Nombre geográfico utilizado como tema | |
| Elemento de entrada | México |
| Subdivisión temática | Historia |
| Subdivisión cronológica | Guerra de independencia, 1810-1821 |
| Número Koha | 534 |
| 607 ## - Nombre geográfico utilizado como tema | |
| Elemento de entrada | México |
| Subdivisión temática | Historia |
| Subdivisión cronológica | Revolución, 1910-1917 |
| Número Koha | 13543 |
| 660 ## - Código de área geográfica | |
| Código | MX |
| 700 ## - Nombre personal - Responsabilidad primaria | |
| Elemento de entrada | Paz Lozano |
| Parte del nombre distinta del elemento de entrada | Octavio Irineo |
| Fechas | 1914-1998 |
| Número Koha | 536 |
| 702 ## - Nombre personal - Responsabilidad secundaria | |
| Elemento de entrada | Castañón Morán |
| Parte del nombre distinta del elemento de entrada | Jesús Adolfo |
| Fechas | 1952- |
| Número Koha | 520 |
| 702 ## - Nombre personal - Responsabilidad secundaria | |
| Elemento de entrada | Meyer Barth |
| Parte del nombre distinta del elemento de entrada | Jean |
| Fechas | 1942- |
| Número Koha | 3298 |
| 801 ## - Fuente de origen | |
| País | FR |
| Agencia | cm |
| Reglas de catalogación (convenciones descriptivas) | AFNOR |
| 900 ## - | |
| -- | 1/23280 |
| 900 ## - | |
| -- | 7100417642\080104 |
| 942 ## - ELEMENTOS DE ENTRADA SECUNDARIOS (KOHA) | |
| Tipo de ítem Koha | Livre |
| 996 ## - | |
| -- | MEX |
| -- | 751145101 |
| -- | MMAG |
| -- | 011436 |
| -- | 972.03 P348HU |
| -- | 20241021LIV |
| Estatus retirado | Estado de daño | Estado de pérdida | Fecha de adquisición | Biblioteca de origen | Biblioteca actual | Ubicación en estantería | Código de barras | Precio de reemplazo | Signatura topográfica completa | No para préstamo | Tipo de ítem Koha | Nota pública | Nota no pública |
|---|---|---|---|---|---|---|---|---|---|---|---|---|---|
| 05/08/2025 | Casa México Paris | Casa México Paris | 011436 | 05/08/2025 | 972.03 P348HU | Livre | 20241021LIV | 751145101 |